[Event "StL-B-West 2002/03"]
[Site "Hohenems"]
[Date "2003.02.02"]
[Round "9"]
[Board "2"]
[White "Grabher, Heinz"]
[Black "Riemelmoser, Franz"]
[Result "1-0"]
[WhiteElo "2228"]
[BlackElo "2320"]
[PlyCount "75"]

1.e4 e6 2.d4 d5 3.Nc3 Bb4 4.Nge2 dxe4 5.a3 Bxc3+ 6.Nxc3 Nc6 7.Bf4 Nge7 8.Nxe4
O-O 9.Bd3 f5 10.Ng5 Nd5 11.Bd2 Nxd4 12.f4 c5 13.c3 Nc6 14.Qe2 Re8 15.O-O-O a6
16.Rhe1 h6 17.Nf3 b5 18.Bxf5 Bd7 19.Bc2 b4 20.cxb4 cxb4 21.Qd3 bxa3 22.Qh7+ Kf8
23.Ne5 a2 24.Qh8+ Ke7 25.Qxg7+ Kd6 26.Nc4+ Kc7 27.b3 a5 28.Kb2 a4 29.bxa4 Rg8
30.Qxh6 Rxg2 31.Be4 Qb8+ 32.Ka1 Nd4 33.Ba5+ Rxa5 34.Rxd4 Qb4 35.Rc1 Qc3+ 36.Rxc3
Rg1+ 37.Kxa2 Rxa4+ 38.Ra3

[Event "StL-B-West 2002/03"]
[Site "Hohenems"]
[Date "2003.02.02"]
[Round "9"]
[Board "3"]
[White "Scheffknecht, Philipp"]
[Black "Atlas, Dmitry"]
[Result "0-1"]
[WhiteElo "2183"]
[BlackElo "2258"]
[PlyCount "40"]

1.d4 d5 2.Nf3 Nf6 3.c4 c6 4.Nc3 e6 5.e3 Nbd7 6.Bd3 dxc4 7.Bxc4 b5 8.Bd3 Bb7 9.e4
b4 10.e5 bxc3 11.exf6 cxb2 12.fxg7 bxa1=Q 13.gxh8=Q Qa5+ 14.Nd2 Q5c3 15.Bc2 Ba6
16.Qxh7 Nf6 17.Qh4 Nd5 18.Qg3 O-O-O 19.Qxc3 Qxc3 20.Be4 Ne3

[Event "StL-B-West 2002/03"]
[Site "Hohenems"]
[Date "2003.02.02"]
[Round "9"]
[Board "4"]
[White "Braun, Arik"]
[Black "Schmidlechner, Alexander"]
[Result "1-0"]
[WhiteElo "2317"]
[BlackElo "2254"]
[PlyCount "61"]

1.d4 d5 2.c4 c6 3.Nf3 Nf6 4.Nc3 dxc4 5.a4 Bf5 6.e3 e6 7.Bxc4 Bb4 8.O-O Nbd7
9.Qe2 Bg6 10.Rd1 Qa5 11.Bd2 O-O 12.e4 e5 13.d5 Rfe8 14.dxc6 bxc6 15.Ne1 Qc7
16.f3 Rab8 17.Nd3 Bf8 18.Be3 Kh8 19.Rac1 Nh5 20.Ba2 f5 21.exf5 Bxf5 22.Bf7 Ndf6
23.Bxe8 Rxe8 24.Qf2 Nf4 25.Nxf4 exf4 26.Bd4 Nd7 27.Qd2 Nc5 28.Nd5 cxd5 29.b4 Nb3
30.Rxc7 Nxd2 31.Rxd2

[Event "StL-B-West 2002/03"]
[Site "Hohenems"]
[Date "2003.02.02"]
[Round "9"]
[Board "5"]
[White "Kranz, Armin"]
[Black "Burschowsky, Matthias"]
[Result "0-1"]
[WhiteElo "2153"]
[BlackElo "2169"]
[PlyCount "68"]

1.d4 Nf6 2.Nf3 g6 3.c4 c5 4.d5 b5 5.cxb5 a6 6.b6 Qxb6 7.Nc3 Bg7 8.e4 d6 9.Nd2
O-O 10.a4 a5 11.Bb5 Bd7 12.O-O Na6 13.Nc4 Qd8 14.f4 Bxb5 15.axb5 Nb4 16.Be3 Nd7
17.Qe2 Qc7 18.Ra3 e6 19.dxe6 fxe6 20.Rd1 d5 21.exd5 exd5 22.Nxd5 Nxd5 23.Rxd5
Qb7 24.Qd3 Bd4 25.Rd6 Rxf4 26.Rxg6+ Kh8 27.Rh6 Nf6 28.Bxd4 Rxd4 29.Qf1 Ng4
30.Nd6 Qd5 31.h3 Rd1 32.hxg4 Qd4+ 33.Kh2 Rxf1 34.Rah3 Qf4+

[Event "StL-B-West 2002/03"]
[Site "Hohenems"]
[Date "2003.02.02"]
[Round "9"]
[Board "6"]
[White "Sandholzer, Robert"]
[Black "Wallis, Toni"]
[Result "0-1"]
[WhiteElo "2138"]
[BlackElo "2137"]
[PlyCount "72"]

1.e4 c5 2.c3 Nf6 3.e5 Nd5 4.d4 cxd4 5.Nf3 Nc6 6.cxd4 e6 7.a3 d6 8.Bd3 Qc7 9.O-O
dxe5 10.dxe5 Nxe5 11.Nxe5 Qxe5 12.Bb5+ Bd7 13.Bxd7+ Kxd7 14.Qf3 Ke8 15.Qb3 Bd6
16.g3 b6 17.Nd2 Bc5 18.Nc4 Qc7 19.Rd1 h5 20.Ne3 Bxe3 21.Bxe3 h4 22.Rac1 Qb7
23.Qa4+ Kf8 24.Qe4 h3 25.Bf4 Rc8 26.Rxc8+ Qxc8 27.Rc1 Qe8 28.Be5 f6 29.Bd6+ Kf7
30.Bf4 Qd7 31.Qf3 g6 32.Bg5 Rc8 33.Rd1 Qc6 34.b4 Kg7 35.b5 Qc3 36.Rd3 Qe1#

[Event "StL-B-West 2002/03"]
[Site "Hohenems"]
[Date "2003.02.02"]
[Round "9"]
[Board "1"]
[White "Grundherr, Martin"]
[Black "Reich, Thomas"]
[Result "1/2-1/2"]
[WhiteElo "2343"]
[BlackElo "2397"]
[PlyCount "80"]

1.Nf3 Nf6 2.c4 g6 3.b4 Bg7 4.Bb2 a5 5.a3 b6 6.e3 Bb7 7.Be2 O-O 8.O-O d6 9.d3
Nbd7 10.Nbd2 Ra7 11.Nd4 Qa8 12.Bf3 Ne5 13.Bxb7 Qxb7 14.N2f3 axb4 15.Nxe5 dxe5
16.Nb5 bxa3 17.Bxe5 Ra5 18.Rxa3 Rxa3 19.Nxa3 Ra8 20.Nb5 Ne8 21.Bxg7 Nxg7 22.Qf3
Qxf3 23.gxf3 Ne6 24.Rc1 c6 25.Nc3 Nc5 26.d4 Nd3 27.Rb1 Ra3 28.Ne4 Ra4 29.Rxb6
Rxc4 30.Kg2 Rc2 31.Rb3 Ne1+ 32.Kg3 f5 33.Nc5 e5 34.Ne6 exd4 35.Nxd4 Rc4 36.Rb8+
Kf7 37.Rb7+ Kf8 38.Rb6 Nd3 39.Rxc6 Rxc6 40.Nxc6 g5

[Event "StL-B-West 2002/03"]
[Site "Hohenems"]
[Date "2003.02.02"]
[Round "9"]
[Board "2"]
[White "Micheli, Carlo"]
[Black "Bertagnolli, Alexander"]
[Result "1/2-1/2"]
[WhiteElo "2350"]
[BlackElo "2294"]
[PlyCount "156"]

1.c4 g6 2.g3 Bg7 3.Bg2 Nc6 4.Nc3 d6 5.d3 e5 6.e3 Be6 7.Nge2 Qd7 8.Nd5 Nd8 9.e4
c6 10.Ne3 c5 11.O-O Ne7 12.f4 Ndc6 13.Nc3 h5 14.h4 exf4 15.gxf4 Bg4 16.Qe1 Nb4
17.Qd2 Bd4 18.Rb1 Nbc6 19.a3 g5 20.hxg5 f6 21.gxf6 Ng6 22.Ncd5 Kf7 23.Kh2 Rag8
24.Qf2 h4 25.Bd2 h3 26.Bh1 Nh4 27.Bc3 Be2 28.Qxe2 Rg2+ 29.Bxg2 hxg2 30.Qg4
gxf1=N+ 31.Rxf1 Nf5+ 32.Kg1 Rg8 33.Qxg8+ Kxg8 34.exf5 Kf7 35.Kg2 Bxe3 36.Nxe3
Nd4 37.Rh1 Qc6+ 38.Nd5 Nxf5 39.Kf3 Qc8 40.Rh7+ Kg6 41.Rg7+ Kh6 42.Rg5 Qe6 43.Rg1
b5 44.Re1 Qf7 45.Rh1+ Kg6 46.Rg1+ Kh6 47.Rg5 Qe6 48.b4 bxc4 49.dxc4 Nd4+ 50.Bxd4
cxd4 51.f7 Qxf7 52.Ke4 Qe6+ 53.Kxd4 Qe1 54.Ne3 Qa1+ 55.Ke4 Qxa3 56.Rb5 Kg6
57.f5+ Kg5 58.Rb7 Qa1 59.Rb8 Qh1+ 60.Kd4 Qa1+ 61.Ke4 Qh1+ 62.Kd3 Kf4 63.Re8 Qb1+
64.Kc3 a6 65.f6 Qa1+ 66.Kd3 Qa3+ 67.Kd4 Qb2+ 68.Kd5 Qxf6 69.Re6 Qc3 70.Kxd6
Qxb4+ 71.c5 Qb8+ 72.Kd5 a5 73.c6 a4 74.Re4+ Kf3 75.Nc4 Qd8+ 76.Nd6 Qa5+ 77.Ke6
a3 78.Rc4 a2

[Event "StL-B-West 2002/03"]
[Site "Hohenems"]
[Date "2003.02.02"]
[Round "9"]
[Board "3"]
[White "Astl, Peter"]
[Black "Unzicker, Ferdinand"]
[Result "0-1"]
[WhiteElo "2280"]
[BlackElo "2283"]
[PlyCount "140"]

1.d4 Nf6 2.Nf3 g6 3.Bf4 Bg7 4.e3 O-O 5.h3 d6 6.Nbd2 c5 7.c3 Be6 8.Be2 Qb6 9.Qc2
Rc8 10.dxc5 Qxc5 11.e4 h6 12.O-O Nc6 13.Nb3 Qb6 14.Nfd2 d5 15.Bf3 d4 16.Qd3 Rd8
17.cxd4 Nxd4 18.Nxd4 Rxd4 19.Qa3 Rd7 20.Rac1 Nh5 21.Bxh5 gxh5 22.b3 Qd4 23.Be3
Qf6 24.Rc2 b6 25.Qc1 Qg6 26.Kh1 Rd3 27.Re1 Kh7 28.Re2 Rg8 29.f4 f5 30.exf5 Bxf5
31.Rc6 Bf6 32.Qf1 Rd7 33.Qf2 Bd3 34.Re1 Qf5 35.Nf3 Be4 36.Rc4 h4 37.Bc1 Bd5
38.Qc2 Qxc2 39.Rxc2 Bxf3 40.gxf3 Rg3 41.Kh2 Rxf3 42.Re3 Rxe3 43.Bxe3 Rd3 44.Re2
Kg6 45.Kg2 Kf5 46.Kf2 Rd1 47.Kf3 Rf1+ 48.Kg2 Ra1 49.Kf3 Rh1 50.Kg2 Rd1 51.Kf3
Rd5 52.Rd2 e6 53.Rxd5+ exd5 54.Bd2 Be7 55.b4 b5 56.Bc3 Bd6 57.Bd2 Bc7 58.Be3 a6
59.a3 Bd8 60.Bd4 Bf6 61.Bf2 h5 62.Ke3 Bb2 63.Be1 d4+ 64.Kd3 Kxf4 65.Bxh4 Bxa3
66.Be1 Bb2 67.Bh4 Kf3 68.Bf6 Kg3 69.Ke4 Kxh3 70.Kd5 d3

[Event "StL-B-West 2002/03"]
[Site "Hohenems"]
[Date "2003.02.02"]
[Round "9"]
[Board "4"]
[White "Hoellrigl, Wilfried"]
[Black "Mittelberger, Peter"]
[Result "1/2-1/2"]
[WhiteElo "2219"]
[BlackElo "2259"]
[PlyCount "81"]

1.e4 d6 2.d4 Nf6 3.Nc3 g6 4.Be3 c6 5.Qd2 b5 6.f3 Nbd7 7.g4 Nb6 8.g5 Nh5 9.Bd3
Bg7 10.f4 Nc4 11.Bxc4 bxc4 12.Nf3 Rb8 13.b3 Qa5 14.O-O Ba6 15.Rfe1 O-O 16.Rad1
Rfe8 17.Na4 Qc7 18.f5 Bb5 19.Nc3 Qc8 20.Nxb5 cxb5 21.Nh4 Qc6 22.Qg2 Rbc8 23.Qg4
cxb3 24.cxb3 Qa6 25.Qe2 Rc3 26.Rf1 Qc8 27.Rc1 a6 28.Rxc3 Qxc3 29.Rc1 Qb4 30.Qd3
a5 31.Nf3 Rb8 32.Rc7 Bf8 33.Qc2 a4 34.Ra7 d5 35.Bf2 axb3 36.axb3 Qd6 37.e5 Qb6
38.Rc7 gxf5 39.Rc6 Qb7 40.Rc7 Qb6 41.Rc6

[Event "StL-B-West 2002/03"]
[Site "Innsbruck / Rum"]
[Date "2003.03.22"]
[Round "10"]
[Board "1"]
[White "Shchekachev, Andrei"]
[Black "Reich, Thomas"]
[Result "1-0"]
[WhiteElo "2546"]
[BlackElo "2397"]
[PlyCount "95"]

1.Nf3 Nf6 2.c4 g6 3.Nc3 Bg7 4.e4 d6 5.d4 O-O 6.Be2 c5 7.O-O cxd4 8.Nxd4 b6 9.Bg5
Bb7 10.f3 Nbd7 11.Qd2 Re8 12.Rac1 a6 13.Rfd1 Qb8 14.Bf1 Qa7 15.Kh1 Rac8 16.Bh6
Bh8 17.Be3 Qb8 18.Nc2 Bg7 19.Nb4 Bf8 20.Nbd5 e6 21.Nxf6+ Nxf6 22.Bxb6 Bxe4
23.Nxe4 Nxe4 24.Qa5 Nf6 25.Be3 Qc7 26.Qxc7 Rxc7 27.b4 Rb8 28.a3 Nd7 29.Bf4 e5
30.Be3 a5 31.b5 Nc5 32.Rd5 Na4 33.f4 exf4 34.Bxf4 Rcc8 35.Kg1 Rb7 36.Bxd6 Bxd6
37.Rxd6 Rxb5 38.cxb5 Rxc1 39.Ra6 Rb1 40.Rxa5 Nc3 41.Kf2 Kg7 42.Bd3 Rb2+ 43.Ke3
Nd5+ 44.Kd4 Nf4 45.Bc4 Nxg2 46.Ra7 Ne1 47.Rxf7+ Kh6 48.Rf1

[Event "StL-B-West 2002/03"]
[Site "Innsbruck / Rum"]
[Date "2003.03.22"]
[Round "10"]
[Board "2"]
[White "Micheli, Carlo"]
[Black "Hertneck, Gerald"]
[Result "1/2-1/2"]
[WhiteElo "2350"]
[BlackElo "2516"]
[PlyCount "92"]

1.c4 e5 2.g3 Nf6 3.Bg2 d5 4.cxd5 Nxd5 5.Nf3 Nc6 6.d3 Be7 7.O-O O-O 8.Nc3 Re8
9.Bd2 Bf8 10.Nxd5 Qxd5 11.Bc3 Qb5 12.a4 Qa6 13.Qb3 Qb6 14.Qb5 Bd7 15.Nd2 Qxb5
16.axb5 Nd8 17.Nc4 Bxb5 18.Nxe5 Bd6 19.Ra5 c6 20.Nf3 Bc7 21.Ra2 Rxe2 22.Nd4 Re5
23.f4 Re8 24.Nxb5 cxb5 25.Bd4 a6 26.Rc1 Bd6 27.b3 Ne6 28.Bf2 Rab8 29.Rac2 Ba3
30.Ra1 Be7 31.f5 Bf6 32.Re1 Nd4 33.Rxe8+ Rxe8 34.Bxd4 Bxd4+ 35.Kf1 b6 36.Rc7 Rd8
37.Ra7 g6 38.Rxa6 Kg7 39.Be4 Rc8 40.g4 Rc1+ 41.Kg2 Rc2+ 42.Kg3 gxf5 43.gxf5 Rb2
44.Bd5 Rf2 45.Be4 Rb2 46.Bd5 Rf2

[Event "StL-B-West 2002/03"]
[Site "Innsbruck / Rum"]
[Date "2003.03.22"]
[Round "10"]
[Board "3"]
[White "Krstic, Uros"]
[Black "Unzicker, Ferdinand"]
[Result "0-1"]
[WhiteElo "2420"]
[BlackElo "2283"]
[PlyCount "96"]

1.e4 e6 2.d4 d5 3.Nd2 Be7 4.Ngf3 Nf6 5.e5 Nfd7 6.Bd3 c5 7.c3 Nc6 8.O-O a5 9.a3
c4 10.Bc2 b5 11.Re1 Nb6 12.Nf1 b4 13.g4 h5 14.h3 hxg4 15.hxg4 b3 16.Bb1 Na4
17.Ng3 Kd7 18.Qd2 Kc7 19.Qf4 Bd7 20.Kg2 Qg8 21.Nh5 Kb7 22.Rh1 Rf8 23.Rh3 f6
24.Qg3 f5 25.gxf5 exf5 26.Nf4 Rxh3 27.Nxh3 Nd8 28.Nfg5 Bxg5 29.Qxg5 Qf7 30.Qg3
Ne6 31.Qh4 Rg8 32.Qh7 Rf8 33.f3 Qe8 34.Bxf5 Rh8 35.Qg6 Qxg6+ 36.Bxg6 Rxh3
37.Kxh3 Nf4+ 38.Kh4 Nxg6+ 39.Kg5 Ne7 40.Bf4 Nxb2 41.e6 Be8 42.Bd6 Nc8 43.Bf8 Na4
44.Rc1 Nxc3 45.Bxg7 b2 46.Re1 b1=Q 47.Rxb1+ Nxb1 48.Kf6 Nd2

[Event "StL-B-West 2002/03"]
[Site "Innsbruck / Rum"]
[Date "2003.03.22"]
[Round "10"]
[Board "4"]
[White "Sprenger, Wendelin"]
[Black "Ljubic, Juro"]
[Result "0-1"]
[WhiteElo "2199"]
[BlackElo "2291"]
[PlyCount "98"]

1.e4 c5 2.Nf3 a6 3.d4 cxd4 4.Nxd4 e5 5.Nb3 Nf6 6.Nc3 Bb4 7.Bg5 h6 8.Bh4 g5 9.Bg3
Nxe4 10.Bxe5 Qe7 11.Qd4 Bxc3+ 12.bxc3 Nc6 13.Qxe4 Qxe5 14.Qxe5+ Nxe5 15.O-O-O b6
16.Rd6 Rb8 17.Be2 Ke7 18.Rhd1 f6 19.c4 Bb7 20.Rxb6 Bxg2 21.Rxa6 Ra8 22.Rxa8 Rxa8
23.Kb2 Ra4 24.Nd4 Nxc4+ 25.Bxc4 Rxc4 26.Nf5+ Ke6 27.Ne3 Bf3 28.Nxc4 Bxd1 29.Kc3
f5 30.a4 Bf3 31.Kd4 d6 32.Nb6 h5 33.a5 Bb7 34.c4 h4 35.Na4 g4 36.Nc3 f4 37.Nd5
Kf5 38.Nc3 g3 39.fxg3 fxg3 40.hxg3 hxg3 41.Ne2 g2 42.Ng1 Kf4 43.Kd3 Kg3 44.Ke3
Ba6 45.Ne2+ Kh2 46.Kf2 Bxc4 47.Ng1 d5 48.Nf3+ Kh1 49.Ng1 d4

[Event "StL-B-West 2002/03"]
[Site "Innsbruck / Rum"]
[Date "2003.03.22"]
[Round "10"]
[Board "1"]
[White "Volke, Karsten"]
[Black "Umansky, Mikhail"]
[Result "1-0"]
[WhiteElo "2450"]
[BlackElo "2415"]
[PlyCount "87"]

1.c4 e5 2.g3 Nf6 3.Bg2 d5 4.cxd5 Nxd5 5.Nf3 Nc6 6.O-O Be7 7.d4 exd4 8.Nxd4 Nxd4
9.Qxd4 Nf6 10.Qxd8+ Bxd8 11.Nc3 c6 12.b4 a6 13.e4 O-O 14.h3 Be6 15.Be3 Be7
16.Bc5 Bxc5 17.bxc5 Rfd8 18.Rab1 Rab8 19.Rb2 Nd7 20.Na4 Bc4 21.Rc1 Bb5 22.Nb6
Ne5 23.Rbc2 a5 24.f4 Nd3 25.Rd1 Kf8 26.Bf1 Ke7 27.a3 Ba6 28.e5 g5 29.Rc3 Nb2
30.Rd6 gxf4 31.Bxa6 bxa6 32.gxf4 Rg8+ 33.Kh2 Rbd8 34.f5 f6 35.Re6+ Kf7 36.Rxf6+
Ke7 37.Rd6 h5 38.Rb3 Nd1 39.Rbd3 Nf2 40.f6+ Kf7 41.Rxd8 Nxd3 42.Rxd3 Ke6 43.Rd6+
Kf5 44.f7

[Event "StL-B-West 2002/03"]
[Site "Innsbruck / Rum"]
[Date "2003.03.22"]
[Round "10"]
[Board "2"]
[White "Klundt, Klaus"]
[Black "Poettinger, Harald"]
[Result "1-0"]
[WhiteElo "2385"]
[BlackElo "2222"]
[PlyCount "71"]

1.e4 e5 2.Nf3 d6 3.d4 exd4 4.Nxd4 Nf6 5.Nc3 Be7 6.Be2 O-O 7.O-O c5 8.Nb3 Nc6
9.f4 Be6 10.Be3 a5 11.e5 dxe5 12.Nxc5 Qb6 13.N3a4 Qa7 14.Bf2 Rfd8 15.Qe1 Nd4
16.Nxe6 fxe6 17.c3 Nxe2+ 18.Qxe2 Qa6 19.Qxa6 Rxa6 20.fxe5 Ne4 21.c4 Rc6 22.b3
Rd2 23.Rae1 Ng5 24.Rd1 Ne4 25.Rxd2 Nxd2 26.Rd1 Ne4 27.Be3 Rc8 28.Kf1 Rf8+ 29.Ke2
Rf5 30.Rd7 Bb4 31.Rxb7 Rxe5 32.Rb5 Nc3+ 33.Nxc3 Bxc3 34.Kd3 Rxb5 35.cxb5 Be5
36.h3

[Event "StL-B-West 2002/03"]
[Site "Innsbruck / Rum"]
[Date "2003.03.22"]
[Round "10"]
[Board "3"]
[White "Gattenloehner, Sebastian"]
[Black "Hager, Franz"]
[Result "1-0"]
[WhiteElo "2216"]
[BlackElo "2265"]
[PlyCount "91"]

1.e4 g6 2.d4 d6 3.Nc3 Bg7 4.Be3 a6 5.Qd2 b5 6.h4 h5 7.f3 Nd7 8.a4 b4 9.Nce2 a5
10.Nh3 c5 11.Ng5 Ba6 12.c3 Ngf6 13.Nf4 Bxf1 14.Rxf1 Qb6 15.Kf2 Rc8 16.Kg1 O-O
17.Qf2 cxd4 18.cxd4 Qa6 19.Rfe1 e5 20.Qe2 Qc4 21.Qxc4 Rxc4 22.dxe5 dxe5 23.Nd3
Rfc8 24.Rec1 Ne8 25.Rxc4 Rxc4 26.Rd1 Nef6 27.Rc1 Rxc1+ 28.Nxc1 Ne8 29.Nb3 Bh6
30.Bf2 Nc7 31.Nxa5 f6 32.Nh3 Bc1 33.Nc6 Na6 34.b3 Ba3 35.Kf1 Ndc5 36.Na5 Kf7
37.Ke2 Ke6 38.Kd2 Bb2 39.Kc2 Bc3 40.Nc4 f5 41.Ng5+ Kf6 42.Nb6 Bd4 43.Nd5+ Kg7
44.Be1 fxe4 45.fxe4 Kg8 46.Nxb4

[Event "StL-B-West 2002/03"]
[Site "Innsbruck / Rum"]
[Date "2003.03.22"]
[Round "10"]
[Board "4"]
[White "Hinteregger, Arthur"]
[Black "Mira, Helene"]
[Result "1-0"]
[WhiteElo "2222"]
[BlackElo "2148"]
[PlyCount "83"]

1.e4 d6 2.d4 Nf6 3.Nc3 c6 4.f3 b5 5.Be3 e5 6.Nge2 Nbd7 7.Qd2 a6 8.g4 Nb6 9.b3
Qc7 10.Bg2 Bb7 11.O-O c5 12.d5 c4 13.b4 Bc8 14.a4 Bd7 15.a5 Nc8 16.h3 h6 17.f4
Be7 18.Ng3 Rb8 19.Rae1 Kf8 20.g5 hxg5 21.fxg5 Nh5 22.Qf2 f6 23.h4 Nxg3 24.Qxg3
Ke8 25.gxf6 Bxf6 26.Qg6+ Kd8 27.Rxf6 Be8 28.Rxd6+ Qxd6 29.Bg5+ Kc7 30.Qxg7+ Bd7
31.Qxh8 Ne7 32.Qg7 Ng6 33.Qf6 Re8 34.Qxd6+ Kxd6 35.Kh2 Rf8 36.Rf1 Nf4 37.Ne2 Ng6
38.Rxf8 Nxf8 39.Bh3 Be8 40.Ng3 Nd7 41.Nf5+ Kc7 42.Be7

[Event "StL-B-West 2002/03"]
[Site "Innsbruck / Rum"]
[Date "2003.03.22"]
[Round "10"]
[Board "5"]
[White "Heilinger, Dietmar"]
[Black "Gottsmann, Herbert"]
[Result "1/2-1/2"]
[WhiteElo "2178"]
[BlackElo "2193"]
[PlyCount "57"]

1.c4 Nf6 2.g3 g6 3.Bg2 e5 4.e4 Bg7 5.Ne2 d6 6.Nbc3 O-O 7.O-O Nc6 8.d3 Bg4 9.h3
Be6 10.Nd5 Nh5 11.g4 Nf6 12.Bg5 Bxd5 13.cxd5 Nb8 14.Qd2 Nbd7 15.b4 a5 16.a3 Qb8
17.Rac1 axb4 18.axb4 h5 19.Bf3 hxg4 20.hxg4 Nh7 21.Bh6 Ra2 22.Qe3 f5 23.gxf5
gxf5 24.exf5 Rxf5 25.Bg4 Bxh6 26.Qxh6 Rg5 27.Kh1 Ndf6 28.Be6+ Kh8 29.Ng3

[Event "StL-B-West 2002/03"]
[Site "Innsbruck / Rum"]
[Date "2003.03.22"]
[Round "10"]
[Board "1"]
[White "Teske, Henrik"]
[Black "Kleissl, Helmut"]
[Result "1/2-1/2"]
[WhiteElo "2529"]
[BlackElo "2321"]
[PlyCount "74"]

1.Nf3 d6 2.d4 Bg4 3.Nbd2 Nf6 4.h3 Bh5 5.g4 Bg6 6.Bg2 c6 7.Nh4 e6 8.Nxg6 hxg6
9.e4 d5 10.c3 dxe4 11.g5 Nd5 12.Nxe4 Rh4 13.Qf3 Na6 14.Qg3 Rh8 15.Bd2 Qc7
16.O-O-O Qxg3 17.fxg3 Rd8 18.Bf1 b5 19.a4 Nac7 20.axb5 cxb5 21.h4 a5 22.Be2 a4
23.g4 Bd6 24.Rdf1 Ke7 25.Rh3 Rhf8 26.Rhf3 f5 27.gxf6+ gxf6 28.h5 gxh5 29.gxh5
Ra8 30.Bh6 Rh8 31.Bg7 Rxh5 32.Nxf6 Nxf6 33.Bxf6+ Kd7 34.Be5 Rh7 35.Bd3 Re7
36.Bf6 Rf7 37.Kc2 Rg8

[Event "StL-B-West 2002/03"]
[Site "Innsbruck / Rum"]
[Date "2003.03.22"]
[Round "10"]
[Board "3"]
[White "Wegerle, Joerg"]
[Black "Schiestl, Josef"]
[Result "1/2-1/2"]
[WhiteElo "2365"]
[BlackElo "2170"]
[PlyCount "65"]

1.e4 g6 2.d4 Bg7 3.Nc3 c6 4.Be3 d5 5.e5 Nh6 6.Qd2 Nf5 7.Be2 f6 8.exf6 exf6 9.Bf4
O-O 10.h4 b6 11.O-O-O Na6 12.Nf3 Nc7 13.Bd3 Nd6 14.Rde1 Ne6 15.Bh6 Nf7 16.Bxg7
Nxg7 17.Ne2 Bf5 18.Nf4 Bxd3 19.cxd3 Qd7 20.Qb4 Rfe8 21.h5 Qf5 22.Qd2 g5 23.Ne2
h6 24.Kb1 Qd7 25.Ng3 Rxe1+ 26.Rxe1 Re8 27.Rxe8+ Qxe8 28.Nh2 f5 29.f4 g4 30.Nhf1
Nd6 31.Ne3 Kf7 32.Nc2 a5 33.Qc1

[Event "StL-B-West 2002/03"]
[Site "Innsbruck / Rum"]
[Date "2003.03.22"]
[Round "10"]
[Board "4"]
[White "Kondrak, Christof"]
[Black "Duer, Werner"]
[Result "0-1"]
[WhiteElo "2210"]
[BlackElo "2285"]
[PlyCount "73"]

1.d4 Nf6 2.c4 d6 3.Nf3 Nbd7 4.Bf4 c5 5.e3 Nh5 6.Bg5 h6 7.Bh4 g5 8.Nfd2 Ndf6
9.Bg3 cxd4 10.exd4 Nxg3 11.hxg3 Qb6 12.Nb3 Bg7 13.Nc3 O-O 14.Be2 Be6 15.O-O Rfc8
16.Na4 Qb4 17.Nd2 Bd7 18.b3 b5 19.a3 Qa5 20.cxb5 Bxb5 21.Nc4 Qd8 22.Nab2 Ne4
23.Bg4 e6 24.a4 Ba6 25.Re1 d5 26.Ne5 Rc3 27.Bf3 Rb8 28.Bxe4 dxe4 29.Nbc4 Rbxb3
30.Rxe4 Bxc4 31.Nxc4 Qd5 32.Nd2 Rd3 33.Re2 Bxd4 34.Qc2 Bxa1 35.Nxb3 Qxb3 36.Qc8+
Kg7 37.Rc2

[Event "StL-B-West 2002/03"]
[Site "Innsbruck / Rum"]
[Date "2003.03.22"]
[Round "10"]
[Board "5"]
[White "Erlacher, Michael"]
[Black "Jenul, Reinhold"]
[Result "1-0"]
[WhiteElo "2197"]
[BlackElo "2172"]
[PlyCount "74"]

1.d4 Nf6 2.Nf3 d5 3.Bg5 Ne4 4.Bf4 e6 5.Nbd2 Nxd2 6.Qxd2 c5 7.e3 Nc6 8.Be2 a6
9.O-O b6 10.c3 Be7 11.a3 Na5 12.Rae1 Bb7 13.Bd3 Nc4 14.Qe2 Nd6 15.Nd2 O-O 16.Qh5
f5 17.Bxd6 Bxd6 18.f4 Rf6 19.Qe2 c4 20.Bc2 Qe8 21.Kh1 Qb5 22.Rb1 Qc6 23.Nf3 b5
24.Rg1 Qe8 25.g4 a5 26.Qg2 g6 27.Ne5 Qe7 28.gxf5 exf5 29.h4 Bxe5 30.fxe5 Rf7
31.Qf2 Qf8 32.Qf4 Re8 33.Rg5 Re6 34.Rbg1 Kh8 35.h5 Rg7 36.Qh2 Qf7 37.Bxf5 Qxf5

[Event "StL-B-West 2002/03"]
[Site "Innsbruck / Rum"]
[Date "2003.03.22"]
[Round "10"]
[Board "6"]
[White "Eberharter, Johann"]
[Black "Thoeny, Hermann"]
[Result "1/2-1/2"]
[WhiteElo "2117"]
[BlackElo "2134"]
[PlyCount "37"]

1.Nf3 f5 2.b3 Nf6 3.Bb2 g6 4.e3 Bg7 5.d4 O-O 6.Nbd2 d6 7.Bd3 c6 8.Qe2 a5 9.a3
Na6 10.O-O Qc7 11.c4 Nh5 12.Rfd1 e5 13.Bb1 e4 14.Ne1 Qe7 15.Ba2 Bd7 16.Rab1 Nc7
17.Bc3 c5 18.Nf1 Kh8 19.Qd2

[Event "StL-B-West 2002/03"]
[Site "Innsbruck / Rum"]
[Date "2003.03.22"]
[Round "10"]
[Board "1"]
[White "Schmidt, Georg"]
[Black "Meissner, Bernd"]
[Result "1/2-1/2"]
[WhiteElo "2246"]
[BlackElo "2382"]
[PlyCount "85"]

1.e4 c5 2.Nf3 d6 3.Bb5+ Nd7 4.c4 Ngf6 5.Nc3 e6 6.d4 cxd4 7.Nxd4 Be7 8.Be3 O-O
9.Bxd7 Bxd7 10.Rc1 a6 11.O-O b5 12.cxb5 axb5 13.a3 Qb8 14.Nc2 Rd8 15.Nb4 Be8
16.Qe2 Qb7 17.f3 Rab8 18.Rfd1 Kf8 19.Bd4 Nd7 20.Nd3 Nc5 21.Nxc5 dxc5 22.Be5 Rbc8
23.Rxd8 Rxd8 24.Rd1 Rxd1+ 25.Nxd1 b4 26.axb4 cxb4 27.Qd2 Qa7+ 28.Qd4 Qxd4+
29.Bxd4 f6 30.e5 Ba4 31.Nf2 Bc2 32.Kf1 Ke8 33.Ne4 Bd3+ 34.Ke1 f5 35.Nc5 Bc4
36.Kd2 Kd8 37.b3 Bd5 38.Kc2 Kc7 39.Nd3 Kc6 40.h4 g6 41.Bf2 Kb5 42.Nf4 Kc6 43.Be1

[Event "StL-B-West 2002/03"]
[Site "Innsbruck / Rum"]
[Date "2003.03.22"]
[Round "10"]
[Board "2"]
[White "Kratochwil, Christian"]
[Black "Enigl, Karl"]
[Result "1/2-1/2"]
[WhiteElo "2319"]
[BlackElo "2187"]
[PlyCount "118"]

1.c4 Nf6 2.Nc3 e6 3.e4 c5 4.e5 Ng8 5.Nf3 d6 6.exd6 Nc6 7.d4 cxd4 8.Nxd4 Nxd4
9.Qxd4 Qxd6 10.Be3 Qxd4 11.Bxd4 Bd7 12.Be2 Ne7 13.O-O-O Nf5 14.Be5 f6 15.Bf4 Bc6
16.Rhe1 Kf7 17.Rd3 Bc5 18.Nb5 e5 19.Bg4 g6 20.Bxf5 gxf5 21.Be3 Bxe3+ 22.Rexe3 f4
23.Re1 Bxb5 24.cxb5 Rhd8 25.Kd2 Ke6 26.g3 fxg3 27.hxg3 b6 28.Rh1 Rxd3+ 29.Kxd3
Rd8+ 30.Ke3 Rd7 31.g4 Rg7 32.f3 Kd5 33.Rc1 Rf7 34.b3 f5 35.gxf5 Rxf5 36.Rc7 Rh5
37.Rxa7 Kc5 38.a4 Rh1 39.Re7 Kd5 40.Rb7 Kc5 41.Re7 Kd5 42.Rc7 Re1+ 43.Kd2 Rf1
44.Rc3 Rf2+ 45.Ke3 Ra2 46.Rc6 Rb2 47.Rxb6 Rxb3+ 48.Kf2 Kc5 49.Rc6+ Kb4 50.Ra6
Kc5 51.Kg2 Rb4 52.Kg3 Rb3 53.Rc6+ Kb4 54.Re6 Kxa4 55.Rxe5 Rxb5 56.Re7 h5 57.Kf4
Kb4 58.Re4+ Kc3 59.Ke3 Rb8

[Event "StL-B-West 2002/03"]
[Site "Innsbruck / Rum"]
[Date "2003.03.22"]
[Round "10"]
[Board "3"]
[White "Pantleev, Petar"]
[Black "Hengl, Christian"]
[Result "1-0"]
[WhiteElo "2256"]
[BlackElo "2206"]
[PlyCount "151"]

1.Nf3 f5 2.g3 Nf6 3.Bg2 g6 4.d4 Bg7 5.c4 d6 6.d5 O-O 7.O-O Ne4 8.Qc2 e5 9.dxe6
Nc6 10.Nbd2 Nc5 11.Nb3 Nxe6 12.Bd2 Qe7 13.Bc3 Bd7 14.Rad1 Rad8 15.Nbd4 Rfe8
16.e3 Nc5 17.Nb5 Bxc3 18.Nxc3 Be6 19.Nd4 Nb4 20.Qe2 c6 21.a3 Nba6 22.b4 Nd7
23.b5 Nab8 24.bxc6 bxc6 25.Bxc6 Kg7 26.Nd5 Bxd5 27.cxd5 Rc8 28.Rb1 Nxc6 29.dxc6
Nc5 30.Qf3 Qe5 31.Rfd1 Re7 32.h4 Kg8 33.Kg2 Kg7 34.h5 Rf8 35.hxg6 hxg6 36.Rh1 a6
37.Rh2 Ne4 38.Rbh1 Ng5 39.Qf4 Qd5+ 40.Nf3 Qxf3+ 41.Qxf3 Nxf3 42.Kxf3 Kf6 43.Rh7
Rff7 44.Rxf7+ Rxf7 45.Rb1 Rc7 46.Rb6 a5 47.Ra6 a4 48.Kf4 d5 49.g4 g5+ 50.Kf3 Ke5
51.Rxa4 Rxc6 52.gxf5 Kxf5 53.Ra5 Ke5 54.Ra8 Rf6+ 55.Kg3 Kf5 56.a4 d4 57.exd4 Ke4
58.d5 Kxd5 59.Ra5+ Ke4 60.Rxg5 Rf3+ 61.Kg2 Ra3 62.Rg3 Ra2 63.Rg4+ Kf5 64.Rb4 Ra1
65.Kg3 Ke5 66.Kf3 Ra3+ 67.Kg4 Ra1 68.Rb5+ Ke4 69.f3+ Ke3 70.Re5+ Kf2 71.a5 Rg1+
72.Kf4 Ra1 73.Rf5 Ra4+ 74.Kg5 Kg3 75.Kf6 Kh4 76.Ke7

[Event "StL-B-West 2002/03"]
[Site "Innsbruck / Rum"]
[Date "2003.03.22"]
[Round "10"]
[Board "4"]
[White "Jedinger, Andreas"]
[Black "Nussbächer, Andreas"]
[Result "1/2-1/2"]
[WhiteElo "2110"]
[BlackElo "2153"]
[PlyCount "94"]

1.e4 c5 2.Nf3 g6 3.d4 cxd4 4.Qxd4 Nf6 5.Bb5 a6 6.e5 axb5 7.exf6 Nc6 8.Qe3 e6
9.O-O Qxf6 10.Nc3 Bg7 11.Nxb5 O-O 12.Nd6 Ne5 13.Nxe5 Qxe5 14.Qxe5 Bxe5 15.Rd1
Ra6 16.Nxc8 Rxc8 17.Rxd7 Rxc2 18.Bh6 Rd6 19.Rxb7 Rxb2 20.Rxb2 Bxb2 21.Rb1 Rd8
22.Kf1 Bg7 23.Bxg7 Kxg7 24.a4 Rd2 25.Ra1 Kf6 26.a5 Ke5 27.a6 Rd8 28.Ke2 Ra8
29.Kd3 Kd5 30.a7 e5 31.Ra5+ Kd6 32.g4 f5 33.f3 fxg4 34.fxg4 Kc6 35.Ke4 Kb6
36.Ra1 Kb7 37.Kxe5 Re8+ 38.Kf6 Ka8 39.Rd1 h5 40.g5 Re2 41.Rd7 h4 42.Kxg6 h3
43.Rh7 Re3 44.Kf5 Re5+ 45.Kf4 Rf5+ 46.Kg4 Rxg5+ 47.Kxh3 Rg3+

[Event "StL-B-West 2002/03"]
[Site "Innsbruck / Rum"]
[Date "2003.03.22"]
[Round "10"]
[Board "1"]
[White "Grabher, Heinz"]
[Black "Grundherr, Martin"]
[Result "0-1"]
[WhiteElo "2228"]
[BlackElo "2343"]
[PlyCount "106"]

1.e4 c6 2.d4 d5 3.Nc3 dxe4 4.Nxe4 Nd7 5.Bc4 Ngf6 6.Ng5 e6 7.Qe2 Nb6 8.Bd3 h6
9.N5f3 Nbd7 10.Ne5 c5 11.Ngf3 cxd4 12.O-O Bc5 13.a3 Nxe5 14.Qxe5 Qd5 15.Bb5+ Bd7
16.Bxd7+ Kxd7 17.b4 Bb6 18.Qe2 Ke7 19.Bb2 Rac8 20.Rad1 Qc4 21.Qe5 Qxc2 22.Bxd4
Rhd8 23.Qf4 Bxd4 24.Rxd4 Rxd4 25.Qxd4 b6 26.Rd1 Nd5 27.Re1 Qc3 28.Qh4+ Kf8 29.h3
Qxa3 30.Re4 Qc1+ 31.Kh2 Qc7+ 32.g3 Qe7 33.Rc4 Rxc4 34.Qxc4 Qc7 35.Qh4 Qe7 36.Qc4
Nxb4 37.Ne5 Kg8 38.Qc8+ Kh7 39.Nd7 g6 40.h4 Nd5 41.Kg2 h5 42.f4 a5 43.Ne5 Kg7
44.Qa8 Ne3+ 45.Kh3 Nf5 46.Qf3 Qc7 47.g4 hxg4+ 48.Qxg4 Qc3+ 49.Kh2 Qd2+ 50.Kh3
Qe3+ 51.Kh2 Qf2+ 52.Kh3 Ne3 53.Qg5 Nf1